Pen Names - Sudden Death - Statistics

General Stats
  • This quiz has been taken 15 times
  • The average score is 5 of 18
Answers on the Grid
Answers color-coded by a green-red scale on the quiz's grid according to % correct below.
A.A. Milne
A.M. Barnard
Albert Camus
Arthur Conan Doyle
Ayn Rand
Charles Dickens
Douglas Adams
E.L. James
Erich Maria Remarque
Ernest Hemingway
Ford Madox Ford
Franz Kafka
George Eliot
George Orwell
Harold Robbins
Hilary Mantel
Hunter S. Thompson
Ian Fleming
Iris Murdoch
J.M. Barrie
J.R.R. Tolkien
James Joyce
Jane Austen
John Grisham
John le Carré
John Steinbeck
Kazuo Ishiguro
Lemony Snicket
Lewis Carroll
Mario Puzo
Mark Twain
Mary Westmacott
Maya Angelou
Pablo Neruda
R.L. Stine
Richard Bachman
Roald Dahl
Robert Galbraith
Sylvia Plath
Voltaire
 
Answer Stats
Answer % Correct
Lemony Snicket
77%
George Orwell
69%
Mark Twain
69%
George Eliot
62%
Voltaire
62%
Lewis Carroll
38%
E.L. James
31%
John le Carré
31%
Robert Galbraith
31%
Ford Madox Ford
23%
Ayn Rand
15%
A.M. Barnard
8%
Erich Maria Remarque
8%
Harold Robbins
8%
Mary Westmacott
8%
Richard Bachman
8%
Maya Angelou
0%
Pablo Neruda
0%
No matching quizzes found
Score Distribution
Percent of People with Each Score
Percentile by Number Answered
Your Score History
You have not taken this quiz